000
00236nam a2200097Ia 4500
008
120527s9999 xx 000 0 und d
100
_a
HERBERT,T.David.
245
_a
Cities in space city as place.
260
_b
David Fulton
942
_c
BK
999
_c
23994
_d
23994